Puppet on a chain. (Record no. 233432)

000 -LEADER
fixed length control field 00643cam a2200229 4500
001 - CONTROL NUMBER
control field 2277194
003 - CONTROL NUMBER IDENTIFIER
control field Nust
005 - DATE AND TIME OF LATEST TRANSACTION
control field 20170307154153.0
008 - FIXED-LENGTH DATA ELEMENTS--GENERAL INFORMATION
fixed length control field 700226s1969 enk 000 1 eng
010 ## - LIBRARY OF CONGRESS CONTROL NUMBER
LC control number 78442921
015 ## - NATIONAL BIBLIOGRAPHY NUMBER
National bibliography number B69-23647
020 ## - INTERNATIONAL STANDARD BOOK NUMBER
International Standard Book Number 9780006157519
040 ## - CATALOGING SOURCE
Original cataloging agency DLC
Transcribing agency DLC
Modifying agency DLC
050 00 - LIBRARY OF CONGRESS CALL NUMBER
Classification number PZ4.M1626
Item number Pu
Classification number PR6063.A248
082 00 - DEWEY DECIMAL CLASSIFICATION NUMBER
Classification number 823.912
Author Mark MAC
100 1# - MAIN ENTRY--PERSONAL NAME
Personal name MacLean, Alistair,
Dates associated with a name 1922-1987.
245 10 - TITLE STATEMENT
Title Puppet on a chain.
Statement of responsibility, etc. Alistair,MacLean;
260 ## - PUBLICATION, DISTRIBUTION, ETC.
Place of publication, distribution, etc. London,
Name of publisher, distributor, etc. Collins,
Date of publication, distribution, etc. 1969.
300 ## - PHYSICAL DESCRIPTION
Extent 313 p.
Dimensions 21 cm.
650 ## - SUBJECT ADDED ENTRY--TOPICAL TERM
Topical term or geographic name entry element Drug traffic
General subdivision Fiction
906 ## - LOCAL DATA ELEMENT F, LDF (RLIN)
a 7
b cbc
c orignew
d u
e ncip
f 19
g y-gencatlg
942 ## - ADDED ENTRY ELEMENTS (KOHA)
Source of classification or shelving scheme
Koha item type Book
Holdings
Withdrawn status Lost status Source of classification or shelving scheme Damaged status Not for loan Collection code Permanent Location Current Location Shelving location Date acquired Total Checkouts Total Renewals Full call number Barcode Date last seen Date last checked out Copy number Price effective from Koha item type
            Central Library (CL) Central Library (CL) Fiction 03/07/2017 1 2 823.912 MAC CL101 06/20/2025 02/14/2025 1 03/07/2017 Book
© 2023 Central Library, National University of Sciences and Technology. All Rights Reserved.